000 00458nam a2200181Ia 4500
001 16513
005 20260306170315.0
008 260306t2015||||xx |||||||||||||| ||und||
041 _aESP
082 _a348.6
_bQ77
100 _aQuispe Carlos, Maria Magdalena
_eAUT
245 0 _aBeneficios laborales y tributarios para las MIPYMES
260 _c2015
300 _a31 páginas :
_c24 cm.
650 _aGEN
654 _aCDE
942 _cLIB
_dJUS
_fJUS
_2ddc
_n
999 _c16513
_d16513